LEADER 01463cam a22003374a 4500 001 000000121178 003 CaOOAMICUS 005 20100413122921.0 008 100413s2010 it b 000 0 ita r 020 $a978-88-420-8692-5 040 $aPUL$bita$dReb 041 1 $aita$heng 082 04$a302.5 100 1 $aBauman, Zygmunt,$d1925-2017.$0(OLS)http://pul/name/31901 240 10$aDoes ethics have a chance in a world of consumers?$lItaliano.$0(OLS)http://pul/title/152401 245 12$aL'etica in un mondo di consumatori /$cZygmunt Bauman ; traduzione di Fabio Galimberti. 260 $aRoma ;$aBari :$bLaterza,$c2010. 300 $avii, 234 p. ;$c21 cm. 490 1 $aRobinson.$aLetture 504 $aBibliografia e note p. 225-[235]. 650 4$aConsumo$xAspetti socio-culturali.$0(OLS)http://pul/subject/33620 700 1 $aGalimberti, Fabio.$0(OLS)http://pul/name/75846 830 2$aI Robinson.$pLetture.$0(OLS)http://pul/title/65836 850 $aPUL 852 $aPUL$W1$xSL Diritto e Scienze Sociali 3$y79$m302. 5 BAUZY 3$j138943$qDDC 21$B138182$CPULBib$Z2$F138182 $H113288 $82 941 1 $a9 960 $aConsumismo$933620 996 $6020$a978-88-420-8692-5$9(OLS)http://pul/number/143833 996 $6082$a302.5$9(OLS)http://pul/classification/410 996 $6245$aL'etica in un mondo di consumatori$9(OLS)http://pul/title/152400 996 $6260$aRoma ;$aBari :$bLaterza$9(OLS)http://pul/publisher/57682 LEADER 01424cam a2200337 a 4500 001 000000166426 003 CaOOAMICUS 005 20180306104236.0 008 180306s2015 it 000 u ita r 020 $z978-88-514-1539-6* 032 $aLibriCat 040 $aPUL$bita 082 04$a261.8 100 1 $aMaffeis, Ivan.$0(OLS)http://pul/name/39302 245 10$aCronisti dell'invisibile :$binformazione religiosa, 15 protagonisti si raccontano /$cIvan Maffeis ; prefazione di Domenico Pompili. 260 $aMilano :$bÀncora,$c©2015. 300 $a139 p. ;$c21 cm. 490 1 $aFocus 504 $aInclude riferimenti bibliografici. 650 4$aDottrina sociale della Chiesa.$0(OLS)http://pul/subject/33229 700 1 $aPompili, Domenico.$0(OLS)http://pul/name/80676 830 0$aFocus (Ancora).$0(OLS)http://pul/title/135686 850 $aPUL 852 $aPUL$W1$xSL Religione 3$y85$m261. 8 MAFIV 1$j190983$qDDC 21$B193856$CPULBib$Z2$F193856 $H130422 $81 941 1 $a9 960 $aDottrina sociale cristiana$933229 996 $6020$z978-88-514-1539-6*$9(OLS)http://pul/number/163672 996 $6082$a261.8$9(OLS)http://pul/classification/367 996 $6245$aCronisti dell'invisibile :$binformazione religiosa, 15 protagonisti si raccontano$9(OLS)http://pul/title/206152 996 $6260$aMilano :$bÀncora$9(OLS)http://pul/publisher/53070